Statistics for Spooky's Jumpscare Mansion Characters

Click here to take the quiz!

General Stats

  • This quiz has been taken 9 times
  • The average score is 3 of 16

Answer Stats

HintAnswer% Correct
Primary antagonist of the gameSpooky
100%
Thought they were at a partyChild Victim
17%
Often killed by the antagonist despite them working for herGeneric Lab Assistant
17%
Eaten by Specimen 4Matsuri
17%
Mother of aboveMonica
17%
Worshipped by a cult and might be Specimen 5Mother
17%
World's most fashionable skeletonRomantic Victim
17%
Scared they cant chek online profilesSpelling Errors Victim
17%
Scientist with PTSDSpooky's Father
17%
Eaten by the Violent DeerThe Hunter
17%
Stands behind a window and tells you to leaveDemon Child
0%
Former employee at Room 710's restaurantFast Food Worker
0%
Believes he's in a haunted house (like a carnival one)Jasper Midnight
0%
Whale researcher whose team is killed by Specimen 13Marine Biologist
0%
Jungian psychology fanThe White Cat
0%
Hopes they're the protagonistTropes Victim
0%

Score Distribution

Percentile by Number Answered

Percent of People with Each Score

Your Score History

You have not taken this quiz